Autoría y participación : (Registro nro. 30735)

Detalles MARC
000 -LEADER
fixed length control field 01657nam a2200277Ia 4500
003 - CONTROL NUMBER IDENTIFIER
control field CO-CtgCURN
005 - DATE AND TIME OF LATEST TRANSACTION
control field 20250409212017.0
008 - FIXED-LENGTH DATA ELEMENTS--GENERAL INFORMATION
fixed length control field 220303s9999 xx 000 0 und d
020 ## - INTERNATIONAL STANDARD BOOK NUMBER
International Standard Book Number 9789587951844
040 ## - CATALOGING SOURCE
Original cataloging agency CO-CtgCURN
Language of cataloging spa
Transcribing agency coctgcurn
082 ## - DEWEY DECIMAL CLASSIFICATION NUMBER
Classification number 345.43
Item number A141a
100 ## - MAIN ENTRY--PERSONAL NAME
Personal name Abello Gual, Jorge Arturo
Relator term autor
9 (RLIN) 8723
245 #0 - TITLE STATEMENT
Title Autoría y participación :
Remainder of title en el derecho penal /
Statement of responsibility, etc. Jorge Arturo Abello Gual
260 ## - PUBLICATION, DISTRIBUTION, ETC.
Place of publication, distribution, etc. Bogotá, Colombia :
Name of publisher, distributor, etc. Leyer,
Date of publication, distribution, etc. 2021
300 ## - PHYSICAL DESCRIPTION
Extent 256 páginas ;
Dimensions 23 centímetros
500 ## - GENERAL NOTE
General note Incluye índice
504 ## - BIBLIOGRAPHY, ETC. NOTE
Bibliography, etc. note Incluye referencias bibliográficas
505 ## - FORMATTED CONTENTS NOTE
Formatted contents note Cap.1. Autores y participes de la conducta punible -- Cap.2. La autoría y la participación en la responsabilidad penal por el producto -- Cap.3. Autoría y participación en las conductas culposas -- Cap.4. Manifestaciones de autoría y participación en diferentes conductas punibles.
520 ## - SUMMARY, ETC.
Summary, etc. La obra desarrolla la autoría y la participación en la conducta punible, tanto de manera general como aplicada a diferentes delitos. La temática se trata en conductas dolosas y culposas y sus manifestaciones en delitos de peculado, sexuales, delitos empresariales y militares y en el sistema de seguridad social. Por lo demás, temas como la posición de garante, los principios de confianza, delegación y el delito imprudente, son referenciados en esta obra.
521 ## - TARGET AUDIENCE NOTE
Target audience note AREA PROFESIONAL
590 ## - LOCAL NOTE (RLIN)
Local note Programa de Derecho_18
650 ## - SUBJECT ADDED ENTRY--TOPICAL TERM
Topical term or geographic name entry element Autoria
9 (RLIN) 8724
650 ## - SUBJECT ADDED ENTRY--TOPICAL TERM
Topical term or geographic name entry element Derecho penal
Geographic subdivision Colombia
9 (RLIN) 8725
942 ## - ADDED ENTRY ELEMENTS (KOHA)
Koha item type Libros
Classification part 345.43
Item part A141a
Source of classification or shelving scheme Dewey Decimal Classification
Koha issues (borrowed), all copies 1
Existencias
Withdrawn status Lost status Source of classification or shelving scheme Damaged status Not for loan Collection Home library Current library Shelving location Date acquired Source of acquisition Inventory number Total checkouts Full call number Barcode Date last seen Date last checked out Copy number Price effective from Koha item type Public note
    Dewey Decimal Classification       Miguel Henríquez Castañeda Barranquilla Miguel Henríquez Castañeda Barranquilla General 03/02/2022 Compra OC-12-009-21 05005 2 345.43 A141a 05005 05/07/2024 05/07/2024 ej.1 03/03/2022 Libros Compra OC-12-009-21 IIP 2021